000 00496nam a22001577a 4500
999 _c524639
_d524639
003 NUST
038 _aMr. Zahoor
082 _a621.3
100 _aOwais Nazir
_915442
245 _aMLE-MFNR based Image enhancement for in-vivo breast cancer screening using Digital Image Elasto-tomography (DIET) system /
_cOwais Nazir
260 _aIslamabad :
_bCEME - NUST,
_c2015.
300 _ax, 48 p. : ill. ;
500 _aHardcover.
600 _2Electrical Engineering - MS Thesis
942 _2ddc
_cTHE